| 000 | 00667nam a2200169 i 4500 | ||
|---|---|---|---|
| 001 | 70199 | ||
| 003 | ES-MaACL | ||
| 005 | 20230906170741.0 | ||
| 007 | t| | ||
| 008 | 040720s1959 sp ||||1| spa d | ||
| 100 | 1 |
_aGarcía Poggio, José Antonio. _955126 |
|
| 245 | 1 | 0 |
_aPresente y futuro de los materiales metálicos empleados en la fabricación de aviones y motores de aviación / _cpor José Antonio García Poggio. |
| 260 |
_aMadrid : _bInstituto Nacional de Técnica Aeronáutica Esteban Terradas, _c1959. |
||
| 300 |
_a148 p. : _bil. ; _c24 cm. |
||
| 710 | 2 |
_aInstituto Nacional de Técnica Aeroespacial (España) _95191 |
|
| 852 |
_aES-MaACL _jC-18439 _bR.44924 |
||
| 999 |
_c70199 _d70199 |
||